Statistiques concernant Culture Générale - Série 943

Cliquez ici pour prendre le quiz!

Statistiques générales

  • Ce quiz a été pris 38 fois
  • Le résultat moyen est 7 sur 10

Statistiques - réponses

Question Réponse % Correct
De quel pays la C.I.A. est-elle le service de renseignements extérieur ?États-Unis
100%
Quelle actrice formait le trio du film “Les Valseuses” avec Gérard Depardieu et Patrick Dewaere ?Miou-Miou
79%
De quel grand maître de la rime Rimbaud fut-il à dix-huit ans, d'abord l'amant, puis la victime ?Paul Verlaine
79%
Quelle est la nationalité de Carlos Saura, réalisateur du film "Tango" ?Espagnole
74%
Avec quel membre de la troupe du Splendid, Christian Clavier a-t-il été marié ?Marie-Anne Chazel
66%
Quel acteur américain, prénommé Robert, réalise le film “Milagro” en 1988 ?Robert Redford
66%
Dans "Le Bouclier arverne", quel personnage Astérix et Obélix accompagnent-ils en cure d'amaigrissement à Vichy ?Abraracourcix
58%
Quel est le prénom de Cauet, l'animateur de "La Méthode Cauet" ?Sébastien
58%
Quel nom donne-t-on aux habitants de Belfort ?Belfortains
55%
Quel journaliste, prénommé Maurice, s'exclame “Messieurs les censeurs, bonsoir !” lors de l'émission “À armes égales”, en 1971 ?Maurice Clavel
18%

Distribution des résultats

Percentile par nombre de réponses

% des personnes avec chaque résultat

Votre développement - résultats

Vous n’avez pas pris ce quiz